MICROECONOMICS (Record no. 73898)
[ view plain ]
| 000 -LEADER | |
|---|---|
| fixed length control field | 00225nam a2200097Ia 4500 |
| 050 ## - LIBRARY OF CONGRESS CALL NUMBER | |
| Classification number | HB172.P37 2000 C.1 |
| 100 ## - MAIN ENTRY--PERSONAL NAME | |
| Personal name | MICHAEL PARKIN |
| 245 #0 - TITLE STATEMENT | |
| Title | MICROECONOMICS |
| 942 ## - ADDED ENTRY ELEMENTS (KOHA) | |
| Koha item type | Long Loan Book |
| Withdrawn status | Lost status | Source of classification or shelving scheme | Damaged status | Not for loan | Collection | Home library | Current library | Shelving location | Date acquired | Inventory number | Total checkouts | Full call number | Barcode | Date last seen | Date last checked out | Copy number | Price effective from | Koha item type |
|---|---|---|---|---|---|---|---|---|---|---|---|---|---|---|---|---|---|---|
| Library of Congress Classification | Business & Economics | Kisii University Library | Kisii University Library | On Display | 09/15/2023 | 62091 | 1 | HB 172 .P37 2000 | 001370 | 10/18/2024 | 10/14/2024 | 1 | 09/15/2023 | Long Loan Book | ||||
| Library of Congress Classification | Business & Economics | Kisii University Library | Kisii University Library | On Display | 04/26/2024 | 74910 | 2 | HB 172 .P37 2000 | 000000006446 | 03/16/2026 | 03/02/2026 | C.2 | 04/26/2024 | Long Loan Book |